América Latina en el umbral de los años 80
Guardado en:
| Autor Corporativo: | |
|---|---|
| Formato: | Texto |
| Publicado: |
Santiago:
CEPAL. ILPES
|
| Materias: | |
| Etiquetas: |
Agregar Etiqueta
Sin Etiquetas, Sea el primero en etiquetar este registro!
|
MARC
| LEADER | 00000 a a2200000 04500 | ||
|---|---|---|---|
| 001 | 15502 | ||
| 003 | |||
| 040 | |||
| 090 | |a 018900 | ||
| 110 | |a CEPAL | ||
| 245 | |a América Latina en el umbral de los años 80 | ||
| 260 | |a Santiago: |b CEPAL. ILPES | ||
| 300 | |a 6; 203 p. | ||
| 650 | |a CONDICIONES ECONOMICAS | ||
| 999 | |c 12742 |d 12742 | ||
